Libro del profesor sobrebiología de la poblaciones humanas /
Guardado en:
| Autor Principal: | |
|---|---|
| Formato: | Libro |
| Publicado: |
Uruguay :
Unesco,
1977
|
| Materias: | |
| Etiquetas: |
Agregar Etiqueta
Sin Etiquetas, Sea el primero en etiquetar este registro!
|
| LEADER | 01000nam a22002415a 4500 | ||
|---|---|---|---|
| 001 | CEM.cems006372 | ||
| 005 | 20060214000000.0 | ||
| 008 | 130507s1977##################000#0#####d | ||
| 003 | CEMS | ||
| 082 | 0 | 4 | |a 570.7 |
| 100 | 1 | |a Unesco | |
| 245 | 1 | 0 | |a Libro del profesor sobrebiología de la poblaciones humanas / |
| 260 | |a Uruguay : |b Unesco, |c 1977 | ||
| 300 | |a 521 p. | ||
| 505 | 0 | |a La biología en la Antiguedad. La biología medieval. El nacimiento de la biología moderna. Clasificación de la vida. Compuestos y celulas. La evolución. Los comienzos de la genetica. La lucha contra las enfermedades. El sistema nervioso. Metabolismo. Biología molecular | |
| 653 | |a Agua-ciclo | ||
| 653 | |a Biología | ||
| 653 | |a Biología-enseñanza | ||
| 653 | |a Evolucion | ||
| 653 | |a Hombre-origen del | ||
| 859 | |a CEMS |b BIB. CEMS - 11 de abril |h 570.7 |i Un1 |p 15215.88 |t Ej.3 | ||
| 859 | |a CEMS |b BIB. CEMS - 11 de abril |h 570.7 |i Un1 |p 7592.80 |t Ej.1 | ||
| 859 | |a CEMS |b BIB. CEMS - 11 de abril |h 570.7 |i Un1 |p 7593.80 |t Ej.2 | ||
